Anglicko-český slovník frázových sloves

Gespeichert in:
Bibliographische Detailangaben
1. Verfasser: Vodička, Lukáš
Format: Buch
Sprache:Englisch
Tschechisch
Veröffentlicht: Havlíčkův Brod Fragment 1992
Ausgabe:1. vyd.
Schlagworte:
Tags: Tag hinzufügen
Keine Tags, Fügen Sie das erste Tag hinzu!

MARC

LEADER 00000nam a2200000 4500
001 c002255
005 20221214085247.6
020 |a 80-901070-8-7 
041 0 |a eng 
041 0 |a cze 
044 |a CZ 
245 1 0 |a Anglicko-český slovník frázových sloves  |c Lukáš Vodička 
250 |a 1. vyd. 
264 1 |a Havlíčkův Brod  |b Fragment  |c 1992 
300 |a 287 s. 
610 2 0 |a jazykoveda 
610 2 0 |a terminológia 
610 2 0 |a angličtina 
610 2 0 |a čeština 
100 1 |a Vodička, Lukáš